Statistiques concernant France Les départements dont le nom se termine par un S

Cliquez ici pour prendre le quiz!

Statistiques générales

  • Ce quiz a été pris 113 fois
  • Le résultat moyen est 13 sur 16

Statistiques - réponses

Nombre de lettresDépartement% Correct
18Pyrénées-Orientales
90%
14Alpes-Maritimes
88%
11Hautes-Alpes
87%
19Pyrénées-Atlantiques
87%
8Yvelines
87%
5Doubs
85%
14Hautes-Pyrénées
85%
6Landes
85%
8Ardennes
84%
8Calvados
83%
11Pas-de-Calais
82%
4Gers
79%
5Paris
78%
6Vosges
75%
10Deux-Sèvres
67%
15Seine-Saint-Denis
67%

Distribution des résultats

Percentile par nombre de réponses

% des personnes avec chaque résultat

Votre développement - résultats

Vous n’avez pas pris ce quiz